000 01391nam a2200349 c 4500
003 BLK
005 20250317114512.0
008 180408b bul|||||r ||||||| ||bul||
010 _aKNG00044804000
020 _a978-954-28-0875-6
_bиздат.: Сиела Софт енд Паблишинг
040 _aBLK
041 _aBUL
_cBUL
072 7 _2bullib
_aН84
_xБългарска художествена литература Н
080 _aБългарска литература
_b821.163.2
_x-4
_z821.163.2-4
100 1 _aКарбовски, Мартин
_eпърви автор
_gБогданов, Мартин Кирилов
_977006
700 1 _aБогданов, Мартин Кирилов
_e*
_9276468
139 _aКарбовски, Мартин
_bК 38
245 1 0 _aНещата
_cМартин Карбовски; * Мартин Кирилов Богданов.
257 _aBGR
260 София
_bСиела Софт енд Паблишинг
_c2011
300 _a287 с.
_c21 см
380 _aX
500 _aМартин Карбовски - псевд. на Мартин Кирилов Богданов.
653 _aпроза
659 _aН
852 _aЦб 254115
856 4 _qpdf
_u
856 4 _qpdf
_u
942 _cKNG
_n0
_017
944 _aCR
_c21.12.2011
_lВиолета Тройчева
_k30552
944 _aED
_c15.03.2013
_lф /
_k
999 _c41258
_d41258